| 000 | 00768nam a2200217Ia 4500 | ||
|---|---|---|---|
| 003 | GCL | ||
| 008 | 140319s9999 xx 000 0 ara d | ||
| 040 |
_aGCL / _cGCL |
||
| 082 | 0 | 4 |
_a327.1 _bش ت |
| 100 | 1 | _aمحمد عرب صاصيلا | |
| 245 | 1 | 0 |
_aتاريخ الفكر السياسى : من المدينة الدولة الى الدولة القومية / _cمحمد عرب صاصيلا |
| 700 | 1 | _aشوفالييه، جاك جان | |
| 260 |
_a[S.N] : _bالمؤسسة الجامعية للدراسات والنشر والتوزيع ، _c1985 |
||
| 300 | _a560 ص | ||
| 490 | _a | ||
| 650 | 0 | 4 | _aالفلسفة |
| 650 | 0 | 4 | _aالسياسة |
| 650 | 0 | 4 | _aالعلوم السياسية |
| 650 | 0 | 4 | _aالفلسفة اليونانية |
| 942 |
_2ddc _cBK |
||
| 999 |
_c28658 _d28658 |
||